000 02102cas a2200541 a 4500
001 1507
003 BD-RjUL
005 20211208233341.0
008 131129c19789999pk qr p 0 a0eng c
035 _a(OCoLC)ocm04333497
035 _a(BD-RjUL)1530
037 _bEditor, Hamdard Islamicus, Hamdard Centre, Nazimabad, Karachi-18, Pakistan
040 _aICharE
_beng
_cICharE
_dPPiU
_dMBTI
_dN
_dMH
_dDLC
_dNST
_dDLC
_dAIP
_dNST
_dAIP
_dNST
_dDNLM
_dOCoLC
_dCSdS
_dInFwCT
_dWaU
_dOCoLC
_dHEBIS
_dDEBBG
_dGBVCP
_dOCoLC
_dBD-RjUL
042 _apcc
043 _af------
_aa------
082 0 4 _a297.05
_bHAIS
245 0 0 _aHamdard Islamicus :
_bquarterly journal of the Hamdard National Foundation, Pakistan.
260 _a[Karachi] :
_bThe Foundation,
_c[1978-
300 _avolumes ;
_c25 cm
500 _aTitle from cover.
550 _aIssued by: Bait al-Hikmah, <1997->
650 0 _aIslam
_vPeriodicals.
_93746
650 0 7 _aIslam.
_2swd
_94534
650 0 7 _aZeitschrift.
_2swd
_94471
710 2 _aHamdard National Foundation, Pakistan.
_94535
710 2 _aBait al-Hikmah (Band Murād Khān, Pakistan)
_94536
776 0 8 _iOnline version:
_tHamdard Islamicus
_w(OCoLC)613747911
906 _a7
_bcbc
_cserials
_d4
_encip
_f19
_gn-oclcserc
936 _av. 2, no. 4 (winter 1979)
942 _2ddc
_cCR
999 _c1507
_d1507